000 00777nam a22002657a 4500
001 7435
003 FISKH
005 20250715144804.0
008 250715b cb ||||| |||| 00| 0 eng d
020 _a9780590275590
040 _aFISKH
_beng
_cFISKH
_dFISKH
050 _aPZ7
082 _a428.6
100 _aBlonder, Ellen
245 _aNoisy breakfast /
_cby Ellen Blonder
260 _aNew York :
_bScholastic,
_c1994.
300 _a16 pages :
_bcolor illustrations ;
_c19 cm
505 _aC
520 _aCracking eggs and rattling dishes are some of the sounds heard astwo friends prepare breakfast.
521 8 _a40
_bLexile
521 8 _aC
_bRaz-Plus
650 _aPicture Book
_vBreakfast
_xFive senses
942 _2ddc
_cBK
_n0
999 _c7435
_d7435